E-learning a blended learning ve vzdělávacím procesu = E-learning and blended learning in the educational process /

Korporativní autor: Západočeská univerzita. Ekonomická fakulta
Další autoři: E-learning a blended learning ve vzdělávacím procesu (konference), Tlučhoř, Jan, 1981-
Jazyk: Čeština
Angličtina
Vydáno: Plzeň : Západočeská univerzita, 2005
Vydání: Vyd. 1.
Témata:
Externí odkaz: Digitalizovaný dokument
Fyzický popis: 21 s. ; 21 cm + 1 CD-ROM
Language note: Souběžný anglický text
Knihy
Uloženo v:
LEADER 02040nam a2200505 a 4500
001 nkc20051629892
003 CZ PrNK
005 20170525115255.0
007 ta
008 051104s2005 xr f 100 0 cze
015 |a cnb001629892 
020 |a 80-7043-420-1  |q (brož.) :  |c neprodejné 
035 |a (OCoLC)85164543 
040 |a OLA001  |b cze  |d ABA001 
041 1 |a cze  |a eng  |h cze 
072 7 |a 37.09  |x Organizace výuky a vzdělávání  |2 Konspekt  |9 22 
080 |a 37.091.3:004  |2 MRF 
080 |a 37.091.39:004  |2 MRF 
080 |a (062.534)  |2 MRF 
080 |a (048.3)  |2 MRF 
111 2 |a E-learning a blended learning ve vzdělávacím procesu (konference)  |d (2005 :  |c Cheb, Česko)  |7 olak2005284529 
245 1 0 |a E-learning a blended learning ve vzdělávacím procesu =  |b E-learning and blended learning in the educational process /  |c [editor Jan Tlučhoř] 
246 3 1 |a E-learning and blended learning in the educational process 
250 |a Vyd. 1. 
260 |a Plzeň :  |b Západočeská univerzita,  |c 2005 
300 |a 21 s. ;  |c 21 cm +  |e 1 CD-ROM 
500 |a 110 výt. 
500 |a Na obálce nad názvem: Západočeská univerzita, Fakulta ekonomická 
546 |a Souběžný anglický text 
650 0 7 |a e-learning  |7 ph196647  |2 czenas 
650 0 7 |a blended learning  |7 ph323765  |2 czenas 
650 0 9 |a e-learning  |2 eczenas 
650 0 9 |a blended learning  |2 eczenas 
655 7 |a sborníky konferencí  |7 fd133333  |2 czenas 
655 7 |a abstrakta  |7 fd131780  |2 czenas 
655 9 |a proceedings of conferences  |2 eczenas 
655 9 |a abstracts  |2 eczenas 
700 1 |a Tlučhoř, Jan,  |d 1981-  |7 mzk2005312808  |4 edt 
710 2 |a Západočeská univerzita.  |b Ekonomická fakulta  |7 kn20010709434 
856 4 1 |u http://www.digitalniknihovna.cz/mzk/uuid/uuid:60a1fad0-9d9e-11e5-84c7-005056827e52  |y Digitalizovaný dokument  |x NDK 
910 2 |a BOA001  |b 2-1157.637 
990 |a BK 
995 |a 01 
991 |b 200512  |c NOV 
996 6 |b 2610263842  |c 2-1157.637  |l MZK  |r Sklad / do 1 hodiny  |n 16  |p p.v.  |w 000797086  |u 000010  |a 1  |e BOA001  |j MZK50  |s P